[Event "1st Forni Open"]
[Site "Forni di Sopra ITA"]
[Date "2011.06.13"]
[Round "2"]
[White "Smith,Bry"]
[Black "Estremera Panos,S"]
[Result "1-0"]
[WhiteElo "2481"]
[BlackElo "2364"]

1.e4 c5 2.Nf3 d6 3.d4 cxd4 4.Nxd4 Nf6 5.Nc3 Nc6 6.Bg5 e6 7.Qd2 Be7 8.O-O-O a6
9.f4 Bd7 10.Nf3 b5 11.Bxf6 gxf6 12.f5 Qb6 13.fxe6 fxe6 14.Kb1 b4 15.Ne2 a5
16.Nf4 Qc5 17.g3 Rc8 18.Bh3 Ne5 19.Nd4 Nc4 20.Qe2 Na3+ 21.bxa3 bxa3 22.Qh5+ Qxh5
23.Nxh5 Rc5 24.Ng7+ Kf7 25.Bxe6+ Bxe6 26.Ngxe6 Rb8+ 27.Ka1 Re5 28.Nc6  1-0

[Event "5th ENCI Limburg Open"]
[Site "Maastricht NED"]
[Date "2011.06.13"]
[Round "6"]
[White "Bok,B"]
[Black "Swinkels,R"]
[Result "1-0"]
[WhiteElo "2497"]
[BlackElo "2483"]

1.e4 c5 2.Nf3 d6 3.d4 cxd4 4.Nxd4 Nf6 5.Nc3 Nc6 6.Bg5 e6 7.Qd2 Qb6 8.Nb3 Be7
9.O-O-O O-O 10.f3 a6 11.g4 Rd8 12.Be3 Qc7 13.g5 Nd7 14.f4 b5 15.h4 b4 16.Na4 Rb8
17.Qf2 Na5 18.Nd4 Bb7 19.Bd3 Nc5 20.Nxc5 dxc5 21.Nb3 Nxb3+ 22.axb3 a5 23.h5 a4
24.bxa4 c4 25.Bb6 Qc6 26.Bxd8 Bxd8 27.Be2 Bb6 28.Qf3 Qxa4 29.Bxc4 Qa1+ 30.Kd2 Qxb2
31.Bd3 Rd8 32.Ke1 b3 33.cxb3 Qc3+ 34.Kf1 Ba6 35.Rh3 Rxd3 36.Rxd3 Qc1+ 37.Ke2 Bb5
38.e5 Qa1 39.Qe4 g6 40.h6 Bc5 41.Kf3 Bxd3 42.Qxd3 Qg1 43.Qe2 Qb1 44.Kg4 Qg1+
45.Rg3 Qh1 46.Rg2 Bb4 47.Rh2 Qg1+ 48.Kh3 Qb1 49.Qf3 Qf5+ 50.Kg3 Be1+ 51.Kg2 Bb4
52.Rh1 Qc2+ 53.Kg3 Qa2 54.Rd1 Qa5 55.Kh3 Bf8 56.Rc1 Qa6 57.Rc7 Qb6 58.Rc8 Qb4
59.Qd3 Qb6 60.Re8 Qc5 61.Rb8 Qc6 62.Rxf8+ Kxf8 63.Qd8+ Qe8 64.Qxe8+ Kxe8
65.Kg4 Kd7 66.Kf3 Kc6 67.Ke3 Kd5 68.Kd3 Kc5 69.Kc3 Kd5 70.b4 Ke4 71.b5 Kxf4
72.b6 Kxe5 73.b7 Kf5 74.b8=Q Kxg5 75.Qh2 e5 76.Qxe5+ Kxh6 77.Kd3 f5 78.Ke3 Kg5
79.Qe7+ Kg4 80.Qxh7 g5 81.Qg6  1-0

[Event "Teplice Open"]
[Site "Teplice CZE"]
[Date "2011.06.13"]
[Round "3"]
[White "Friml,A"]
[Black "Kubik,M"]
[Result "1-0"]
[WhiteElo "2124"]
[BlackElo "1889"]

1.e4 c5 2.Nf3 Nc6 3.d4 cxd4 4.Nxd4 Nf6 5.Nc3 d6 6.Bg5 e6 7.Qd2 a6 8.O-O-O Bd7
9.f4 h6 10.Bxf6 Qxf6 11.Nf3 Qd8 12.g4 Be7 13.Kb1 Qc7 14.Bd3 O-O-O 15.h4 Kb8
16.g5 h5 17.f5 Ne5 18.Nxe5 dxe5 19.Qg2 Bc5 20.fxe6 fxe6 21.Ne2 Bc6 22.Rhf1 Rhf8
23.Nc1 Rf4 24.Qh3 Qe7 25.Ne2 Rff8 26.Qg3 Qc7 27.Qh3 Qe7 28.Ng3 Rxf1 29.Rxf1 Bd4
30.Ne2 Bc5 31.Qg3 Bd6 32.Qh3 Bc5 33.Ng3 Bd4 34.Ne2 Bc5 35.g6 Qd6 36.Nc1 Bd4
37.Nb3 Bb6 38.Qf3 Be8 39.Qxh5 Be3 40.Qf3 Bf4 41.h5 Ba4 42.Nc1 Qc5 43.Qe2 Rd4
44.Qf2 Qc7 45.Ne2 Rxd3 46.Nxf4 Rd6 47.Nd3 Bb5 48.Qe3 Qd8 49.Rf3 Rd4 50.b3 Bc6
51.Nf2 a5 52.h6 gxh6 53.g7  1-0

[Event "Teplice Open"]
[Site "Teplice CZE"]
[Date "2011.06.15"]
[Round "5"]
[White "Framberk,J"]
[Black "Kubik,M"]
[Result "0-1"]
[WhiteElo "2069"]
[BlackElo "1889"]

1.e4 c5 2.Nf3 Nc6 3.d4 cxd4 4.Nxd4 Nf6 5.Nc3 d6 6.Bg5 e6 7.Bb5 Qb6 8.Be3 Qc7
9.O-O Be7 10.a4 O-O 11.f4 Nxd4 12.Bxd4 a6 13.Bd3 e5 14.Be3 Be6 15.f5 Bc4
16.Qd2 Rac8 17.a5 d5 18.Bb6 Bc5+ 19.Bxc5 Qxc5+ 20.Kh1 d4 21.Nd1 Bxd3 22.cxd3 Qc2
23.Rf2 Qxd2 24.Rxd2 Rc6 25.b4 Rfc8 26.g3 Ng4 27.Kg2 Rc2 28.Ra2 Rxa2 29.Rxa2 Rc1
30.Nf2 Ne3+ 31.Kf3 Rc3 32.Rb2 Nc4 33.Ra2 Kf8 34.Ke2 Ne3 35.Kd2 Rb3 36.Kc1 Rxb4
37.Rb2 Rxb2 38.Kxb2 Ke7 39.g4 Kd6 40.Kb3 Kc5 41.Ka4 f6 42.h3 h6 43.h4 Ng2
44.g5 hxg5 45.hxg5 fxg5 46.Ng4 Kd6 47.Kb4 Ne3 48.Nf2 g4 49.Nh1 Nf1 50.Nf2 g3
51.Nh3 Nd2 52.Ng1 g2 53.Ka3 Kc5 54.Ka4 b5+ 55.axb6 Kxb6 56.Kb4 a5+ 57.Ka4 Ka6  0-1

[Event "Teplice Open"]
[Site "Teplice CZE"]
[Date "2011.06.15"]
[Round "5"]
[White "Jasny,S"]
[Black "Furman,Bo"]
[Result "1-0"]
[WhiteElo "2367"]
[BlackElo "2264"]

1.e4 c5 2.Nf3 Nc6 3.d4 cxd4 4.Nxd4 Nf6 5.Nc3 d6 6.Bg5 e6 7.Qd2 Be7 8.O-O-O O-O
9.f3 Nxd4 10.Qxd4 a6 11.h4 b5 12.Kb1 Bb7 13.Qd2 Rc8 14.Bd3 Nd7 15.Ne2 d5
16.exd5 Bxd5 17.Nf4 Bc6 18.Qe3 Qe8 19.Bxe7 Qxe7 20.Nh5 Qc5 21.Qg5 Qxg5 22.hxg5 Ne5
23.Nf4 Nxd3 24.Nxd3 f6 25.gxf6 gxf6 26.Nb4 a5 27.Nxc6 Rxc6 28.Rd7 Rfc8 29.c3 b4
30.cxb4 axb4 31.Rdxh7 Rc4 32.Rh8+ Kg7 33.Rxc8 Rxc8 34.Rh4 b3 35.axb3 e5 36.Rc4 Rd8
37.Kc2 f5 38.b4 Rb8 39.Kc3 Kf6 40.Rc6+ Kg5 41.Kc4 Kf4 42.b5 Rg8 43.b6 Rxg2
44.b4 Rg8 45.Re6 e4 46.fxe4 fxe4 47.b7 e3 48.Kc5 Kf3 49.Kb6  1-0

[Event "49th National Challengers ch-IND"]
[Site "Aurangabad IND"]
[Date "2011.06.16"]
[Round "2"]
[White "Ramnath,B"]
[Black "Kiran,M"]
[Result "1-0"]
[WhiteElo "2425"]
[BlackElo "2214"]

1.e4 c5 2.Nf3 Nc6 3.d4 cxd4 4.Nxd4 Nf6 5.Nc3 d6 6.Bg5 e6 7.Qd2 Be7 8.O-O-O Nxd4
9.Qxd4 O-O 10.f3 a6 11.h4 b5 12.Kb1 Bb7 13.Qd2 Qc7 14.Bd3 Rfd8 15.Ne2 b4
16.Nd4 a5 17.h5 a4 18.g4 Qa5 19.Be3 Nd7 20.g5 Nc5 21.g6 b3 22.cxb3 Qxd2 23.Rxd2 axb3
24.Nxb3 Nxb3 25.gxh7+ Kh8 26.axb3 d5 27.Rc1 dxe4 28.Bxe4 Bxe4+ 29.fxe4 Rxd2
30.Bxd2 Kxh7 31.Rc7 Re8 32.b4 f5 33.exf5 exf5 34.b5 Bd6 35.Rf7 Rf8 36.Rxf8 Bxf8
37.Bf4 Bc5 38.Bc7 f4 39.Kc2  1-0

[Event "1st Forni Open"]
[Site "Forni di Sopra ITA"]
[Date "2011.06.17"]
[Round "8"]
[White "Urosevic,G"]
[Black "Nikolova,A"]
[Result "1-0"]
[WhiteElo "2226"]
[BlackElo "2333"]

1.e4 c5 2.Nf3 d6 3.d4 cxd4 4.Nxd4 Nf6 5.Nc3 Nc6 6.Bg5 Bd7 7.Bc4 Qa5 8.Bxf6 gxf6
9.Ne2 Rg8 10.Ng3 Bh6 11.Qd5 Qxd5 12.Nxd5 Rc8 13.Bb3 Rg6 14.f4 Rg4 15.O-O Be6
16.c3 Na5 17.Nf5 Bxd5 18.exd5 Bf8 19.Rae1 Kd8 20.Bd1 Rg6 21.Bh5 Nc4 22.Bxg6 hxg6
23.Nd4 Nb6 24.Re3 Nxd5 25.Rh3 f5 26.Rh8 Kd7 27.Rh7 Nf6 28.Rh3 Ne4 29.Rd3 a6
30.Re1 Bh6 31.g3 e6 32.Kg2 f6 33.Nf3 Nc5 34.Rdd1 Ke7 35.Nh4 Rg8 36.Kf3 Kd7
37.Ng2 g5 38.Ne3 Bf8 39.h4 Be7 40.h5 Bf8 41.Rg1 Ke7 42.a3 Bh6 43.b4 Ne4 44.c4 Rc8
45.Rd3 Rg8 46.Rg2 Rc8 47.a4 b6 48.Rb3 Kd7 49.a5 Rb8 50.axb6 Rxb6 51.Ra2 Nc5
52.Rb1 gxf4 53.gxf4 Nd3 54.b5 axb5 55.cxb5 d5 56.Ra7+ Kd6 57.Rd1 Nb2 58.Ra6 Kc5
59.Rc1+ Nc4 60.Rxb6 Kxb6 61.Nxc4+ dxc4 62.Rxc4 Kxb5 63.Rc7 e5 64.Rf7 Bxf4
65.Rxf6 Kc5 66.Rxf5 Kd5 67.Rxf4 exf4 68.h6  1-0

[Event "49th National Challengers ch-IND"]
[Site "Aurangabad IND"]
[Date "2011.06.18"]
[Round "5"]
[White "Narayanan,Sri"]
[Black "Deepak,Ka"]
[Result "1-0"]
[WhiteElo "2337"]
[BlackElo "2218"]

1.e4 c5 2.Nf3 d6 3.d4 cxd4 4.Nxd4 Nf6 5.Nc3 Nc6 6.Bg5 e6 7.Qd2 a6 8.O-O-O h6
9.Nxc6 bxc6 10.Bf4 d5 11.Qe3 Be7 12.Be2 O-O 13.h4 Nh7 14.e5 Rb8 15.Rh3 Qb6
16.Qxb6 Rxb6 17.Be3 c5 18.Na4 Rc6 19.c4 d4 20.Bd2 Bb7 21.Bf3 Rc7 22.Ba5 Bxf3
23.Bxc7 Bxd1 24.Kxd1 Rc8 25.Bd6 Bxd6 26.exd6 Nf6 27.Rb3 Nd7 28.Rb7 Rd8 29.b4 cxb4
30.c5 Nb8 31.Rxb8 Rxb8 32.c6  1-0

[Event "3rd Gaudeamus Cup"]
[Site "Bucharest ROU"]
[Date "2011.06.18"]
[Round "2"]
[White "Iordan,C"]
[Black "Gorunescu,N"]
[Result "1-0"]
[WhiteElo "1929"]
[BlackElo "1688"]

1.e4 c5 2.Nf3 d6 3.d4 cxd4 4.Nxd4 Nf6 5.Nc3 Nc6 6.Bg5 e6 7.Be2 Be7 8.Qd2 O-O
9.Nb3 a6 10.O-O-O Ne8 11.h4 f6 12.Be3 Qc7 13.g4 b5 14.f4 Bb7 15.f5 Na5 16.fxe6 Nxb3+
17.axb3 Qa5 18.Kb1 Nc7 19.Nd5  1-0

[Event "1st Forni Open"]
[Site "Forni di Sopra ITA"]
[Date "2011.06.18"]
[Round "9"]
[White "Meszaros,Mi"]
[Black "Urosevic,G"]
[Result "1-0"]
[WhiteElo "2414"]
[BlackElo "2226"]

1.e4 c5 2.Nf3 d6 3.d4 cxd4 4.Nxd4 Nf6 5.Nc3 Nc6 6.Bg5 g6 7.Bxf6 exf6 8.Be2 Bg7
9.Ndb5 O-O 10.O-O f5 11.Nxd6 fxe4 12.Ndxe4 Qb6 13.Rb1 Bf5 14.Nd5 Qa5 15.Ng3 Bxc2
16.Qxc2 Qxd5 17.Bc4 Qa5 18.Rbd1 Nd4 19.Qe4 b5 20.Bxf7+ Kxf7 21.Qd5+ Ne6 22.Qd7+ Kg8
23.Qxe6+ Kh8 24.Rd7 Rae8 25.Qd5 Qb6 26.b3 Re1 27.Qd2 Re6 28.Re1 a6 29.Rxe6 Qxe6
30.f3 Qb6+ 31.Kf1 Qf6 32.Ne4 Qa1+ 33.Kf2 h6 34.Rd6 Qe5 35.Kg1 Qa1+ 36.Kf2 Qe5
37.Ke2 g5 38.h3 Qh2 39.Kf2 Qe5 40.Ke2 Qh2 41.Kf1 Qe5 42.Rd8 Qa1+ 43.Kf2 Rxd8
44.Qxd8+ Kh7 45.Qd2 Qe5 46.Qc2 Qd4+ 47.Ke2 Qe5 48.Kf2 Qd4+ 49.Kf1 Qa1+ 50.Ke2 Qe5
51.a4 bxa4 52.bxa4 a5 53.g3 Kh8 54.Kf2 Qd4+ 55.Kg2 Qb4 56.Nf2 Bd4 57.Ng4 Bg7
58.Ne3 h5 59.Qc8+ Bf8 60.Qc2 Qe1 61.Nf5 Bg7 62.h4 g4 63.fxg4 hxg4 64.Nxg7 Kxg7
65.Qc7+ Kg6 66.Qd6+ Kg7 67.Qd7+ Kf6 68.Qxg4 Qd2+ 69.Kh3 Qe1 70.Qf3+ Kg6 71.Qc6+ Kg7
72.Qd7+ Kf6 73.Qd4+ Kg6 74.Kg4 Qe2+ 75.Kf4 Qf1+ 76.Ke5 Qf6+ 77.Kd5 Qf5+ 78.Kd6 Qf8+
79.Kc7 Qb4 80.Qd6+ Kg7 81.Qe5+ Kh7 82.Qh5+ Kg7 83.Qg5+ Kh7 84.Qf5+ Kg7 85.Qd7+ Kg8
86.g4 Kh8 87.h5 Kg8 88.h6 Qf4+ 89.Qd6 Qxg4 90.Qd8+  1-0

[Event "4th Karen Asrian Memorial"]
[Site "Jermuk ARM"]
[Date "2011.06.18"]
[Round "3"]
[White "Matinian,N"]
[Black "Kotanjian,T"]
[Result "0-1"]
[WhiteElo "2383"]
[BlackElo "2517"]

1.e4 c5 2.Nf3 d6 3.d4 cxd4 4.Nxd4 Nf6 5.Nc3 Nc6 6.Bg5 e6 7.Qd2 Bd7 8.O-O-O a6
9.f3 h6 10.Be3 Qc7 11.Kb1 b5 12.Nxc6 Bxc6 13.h4 Be7 14.h5 Rc8 15.Ne2 Bb7
16.Nd4 Nd7 17.Bd3 Ne5 18.Rhe1 O-O 19.g4 d5 20.g5 dxe4 21.fxe4 hxg5 22.Bxg5 Rfd8
23.Bxe7 Qxe7 24.c3 b4 25.Rg1 bxc3 26.bxc3 Nxd3 27.Qxd3 Qh4 28.Ka1 Qxh5 29.Qg3 g6
30.Rh1 Qa5 31.Nxe6 Rxd1+ 32.Rxd1 Bxe4 33.Ng5 Bd5 34.Rd2 Qa3 35.Kb1 Rd8 36.Qf4 Bxa2+
37.Rxa2 Qb3+  0-1

[Event "7th Metropolitan IM"]
[Site "Los Angeles USA"]
[Date "2011.06.19"]
[Round "8"]
[White "Liou,Y"]
[Black "Gupta,Ank"]
[Result "1-0"]
[WhiteElo "2273"]
[BlackElo "2273"]

1.e4 c5 2.Nf3 d6 3.d4 cxd4 4.Nxd4 Nf6 5.Nc3 Nc6 6.Bg5 Bd7 7.Qd2 Rc8 8.O-O-O Nxd4
9.Qxd4 Qa5 10.Bd2 a6 11.Kb1 e5 12.Qd3 Ng4 13.Be1 Qc5 14.f3 Nf2 15.Bxf2 Qxf2
16.Nd5 Ba4 17.b3 Bc6 18.Ne3 Rd8 19.Be2 Be7 20.h4 Qg3 21.c4 Qg6 22.Nf5 Qf6
23.g4 O-O 24.g5 Qe6 25.Bf1 Qd7 26.Bh3 Qc7 27.Rhg1 b5 28.h5 g6 29.Ne3 Qb6
30.hxg6 fxg6 31.Be6+ Kg7 32.Qe2 Qb7 33.Nd5 bxc4 34.Nxe7 Qxe7 35.Bxc4 Bb5
36.Bxb5 axb5 37.Rd5 b4 38.Qd3 Rf4 39.Rb5 Qf8 40.Rb7+ Rf7 41.Rxf7+ Qxf7 42.Qe3 d5
43.exd5 Qxd5 44.Re1 Qd3+ 45.Qxd3 Rxd3 46.Re4 Rxf3 47.Rxb4 Kf7 48.Rb7+ Ke6
49.a4 Rf8 50.Rxh7 Kf5 51.Re7 e4 52.Kc2 Kf4 53.a5 Rc8+ 54.Kd2 Rd8+ 55.Kc3 e3
56.b4  1-0

[Event "61st ch-RUS HL w"]
[Site "Taganrog RUS"]
[Date "2011.06.20"]
[Round "5"]
[White "Tomilova,E"]
[Black "Kovalevskaya,E"]
[Result "1/2-1/2"]
[WhiteElo "2317"]
[BlackElo "2427"]

1.e4 c5 2.Nf3 Nc6 3.d4 cxd4 4.Nxd4 Nf6 5.Nc3 d6 6.Bg5 e6 7.Qd2 Be7 8.O-O-O O-O
9.f4 Nxd4 10.Qxd4 h6 11.h4 hxg5 12.hxg5 Ng4 13.Be2 e5 14.Qg1 exf4 15.Bxg4 Bxg4
16.Qh2 f5 17.Qh7+ Kf7 18.exf5 Bxg5 19.Qg6+ Kg8 20.Qh7+ Kf7 21.Qg6+ Kg8 22.Qh7+ Kf7
23.Qg6+  1/2-1/2

[Event "61st ch-RUS HL w"]
[Site "Taganrog RUS"]
[Date "2011.06.22"]
[Round "6"]
[White "Bodnaruk,A"]
[Black "Tomilova,E"]
[Result "0-1"]
[WhiteElo "2419"]
[BlackElo "2317"]

1.e4 c5 2.Nf3 Nc6 3.d4 cxd4 4.Nxd4 Nf6 5.Nc3 d6 6.Bg5 e6 7.Qd2 Be7 8.O-O-O O-O
9.f3 Nxd4 10.Qxd4 a6 11.h4 b5 12.Qd2 Bb7 13.Bd3 Rc8 14.Kb1 Nd7 15.Bxe7 Qxe7
16.f4 Nc5 17.Qe3 b4 18.Ne2 a5 19.e5 dxe5 20.fxe5 Nxd3 21.Rxd3 Rfd8 22.Rxd8+ Qxd8
23.Nf4 Rc4 24.b3 Rc3 25.Qe2 h6 26.Nh5 Qd5 27.Qg4 Qxg2 28.Qxg2 Bxg2 29.Rg1 Bf3
30.Nxg7 Kf8 31.Rg3 Bd1 32.Rg1 Be2 33.Rg2 Re3 34.Kc1 Rxe5 35.Kd2 Bf3 36.Rg3 Be4
37.h5 Rd5+ 38.Ke3 Bxc2 39.Rg2 Bd1 40.Rg1 Bxh5 41.Nxh5 Rxh5 42.Rg2 Ke7 43.Kd4 Kd6
44.Rc2 Rh4+ 45.Ke3 f5 46.Rc8 Rh2 47.Kf4 Rf2+  0-1

[Event "Mukachevo Summer"]
[Site "Mukachevo UKR"]
[Date "2011.06.23"]
[Round "4"]
[White "Tregubov,V"]
[Black "Baryshpolets,A"]
[Result "1/2-1/2"]
[WhiteElo "2293"]
[BlackElo "2467"]

1.e4 c5 2.Nf3 d6 3.d4 cxd4 4.Nxd4 Nf6 5.Nc3 Nc6 6.Bg5 e6 7.Qd2 a6 8.O-O-O Bd7
9.f3 Be7 10.h4 h6 11.Be3 h5 12.Qf2 Qc7 13.Nb3 b5 14.Kb1 Rb8 15.Qg3 b4 16.Ne2 g6
17.Nec1 a5 18.Nc5 Bc8 19.Na6 Bxa6 20.Bxa6 O-O 21.Qf2 Ne5 22.Bd4 Nc6 23.Be3 a4
24.g4 b3 25.cxb3 Nb4 26.Bd3 axb3 27.a3 Qa5 28.gxh5 Nxh5 29.Bg5 Bxg5 30.hxg5 Rfc8
31.Rd2 Nf4  1/2-1/2

[Event "49th National Challengers ch-IND"]
[Site "Aurangabad IND"]
[Date "2011.06.24"]
[Round "11"]
[White "Narayanan,Sri"]
[Black "Ashwin,J"]
[Result "1/2-1/2"]
[WhiteElo "2337"]
[BlackElo "2439"]

1.e4 c5 2.Nf3 d6 3.d4 cxd4 4.Nxd4 Nf6 5.Nc3 Nc6 6.Bg5 e6 7.Qd2 a6 8.O-O-O Be7
9.f3 Nxd4 10.Qxd4 b5 11.h4 Bb7 12.Kb1 O-O 13.Bd3 Rc8 14.g4 Qc7 15.Qe3 b4
16.Na4 Bd8 17.b3 Nd7 18.Rd2 Ne5 19.Be2 f6 20.Bf4 d5 21.exd5 Bxd5 22.g5 Qc6
23.gxf6 Ng6 24.Bg5 Bxf6 25.Bxf6 Rxf6 26.Nb6 Re8 27.Re1 Nxh4 28.Bb5 Qxb5 29.Nxd5 Rxf3
30.Qe4 Rf1 31.Re2 Rxe1+ 32.Rxe1 Nf3 33.Qxf3 exd5 34.Rxe8+ Qxe8 35.Qxd5+ Kh8
36.Qa5 Qe1+ 37.Kb2 Qc3+ 38.Kb1 Qe1+ 39.Kb2 Qe7 40.Qxa6 h5 41.a4 bxa3+ 42.Ka2 h4
43.c4 Kh7 44.Qc8 Qe3 45.Qg4 g5 46.Qd7+ Kg6 47.Qd6+ Kh5 48.c5 Qc1 49.Qe5 h3
50.Qh8+ Kg4 51.Qd4+ Kf3 52.Qd3+ Kf2 53.Qf5+ Kg3 54.Qd3+ Kg4 55.Qd7+ Kf4 56.Qd4+ Kf3
57.Qd5+ Ke2 58.Qe4+ Qe3 59.Qc2+ Qd2 60.Qxd2+ Kxd2 61.c6 h2 62.c7 h1=Q 63.c8=Q Qg2
64.Kxa3 g4 65.Qd7+ Ke1 66.Qe7+ Kf1 67.Qe3 Qa8+ 68.Kb2 Qg2+ 69.Ka3 Qa8+ 70.Kb2 Qf3
71.Qc1+ Kf2 72.Qc5+ Qe3 73.Qf5+ Qf3 74.Qc5+ Kg2 75.Ka3 Qa8+ 76.Kb4 Qe4+ 77.Ka5 Qa8+
78.Kb4 Qe4+ 79.Ka5 g3 80.b4 Kf3 81.Qc3+ Kf4 82.Qc1+ Kf5 83.b5 g2 84.b6 Qd5+
85.Ka6 Qa8+ 86.Kb5 Qd5+ 87.Ka6 Qa2+ 88.Kb7 Qf2 89.Qc8+ Kf4 90.Qf8+ Ke3 91.Qc5+ Kf3
92.Qf5+ Kg3 93.Qg6+ Kh3 94.Qe6+ Kg3 95.Qg6+ Kf3 96.Qf5+ Ke2 97.Qc2+ Kf1 98.Qd1+ Qe1
99.Qf3+ Qf2 100.Qd1+ Qe1 101.Qf3+ Kg1 102.Ka7 Qa1+ 103.Kb8 Qe5+ 104.Ka7 Kh2
105.Qf2 Kh3 106.Qf3+ Kh2 107.Qf2 Qg3 108.Qe2 Qa3+ 109.Kb8 Qd6+ 110.Ka7 Qa3+
111.Kb8 Qd6+ 112.Ka7 Qc5 113.Ka6 Qa3+ 114.Kb7 Qb4 115.Qf2 Qe4+ 116.Ka7 Kh1
117.b7 Qa4+ 118.Kb6 Qb4+ 119.Kc7 Qc3+ 120.Kb6 Qb4+ 121.Kc7 Qe7+ 122.Kc8 Qe6+
123.Kc7 Qc4+ 124.Kd7 Qd5+ 125.Kc7 Qe5+ 126.Kc8 Qh8+ 127.Kc7 Qh2+ 128.Kc8 Qh3+
129.Kc7 Qc3+ 130.Kd7 Qd3+ 131.Kc7 Qh7+ 132.Kc8 Qg8+ 133.Kc7 Qg7+ 134.Kc8 Qh8+
135.Kc7 Qe5+ 136.Kc8 Qe6+ 137.Kc7 Qc4+ 138.Kd7 Qd5+ 139.Kc7 Qc4+  1/2-1/2

[Event "ch-Commonwealth RSA-Open"]
[Site "Ekurhuleni RSA"]
[Date "2011.06.24"]
[Round "9"]
[White "Cawdery,D"]
[Black "Klaasen,C"]
[Result "1/2-1/2"]
[WhiteElo "2274"]
[BlackElo "2068"]

1.e4 c5 2.Nf3 d6 3.d4 cxd4 4.Nxd4 Nf6 5.Nc3 Nc6 6.Bg5 e6 7.Qd2 a6 8.O-O-O h6
9.Bf4 Bd7 10.Nxc6 Bxc6 11.f3 d5 12.Qe1 Bb4 13.a3 Bxc3 14.Qxc3 O-O 15.e5 Nd7
16.Bd3 Rc8 17.Qd4 Bb5 18.Kb1 Bxd3 19.cxd3 Qb6 20.Qxb6 Nxb6 21.Be3 Nd7 22.f4 Rc6
23.Rc1 Rfc8 24.Rxc6 Rxc6 25.Rf1 h5 26.h3 Rc8 27.g4 hxg4 28.hxg4 Nb8 29.d4 Rc4
30.Re1 Kf8 31.b3 Rc8 32.Kb2 Ke7 33.Rh1 Rg8 34.a4 Nc6 35.Ka3  1/2-1/2

[Event "4th Sveins Minneturering"]
[Site "Oslo NOR"]
[Date "2011.06.24"]
[Round "4"]
[White "Mellem,N"]
[Black "Groenn,A"]
[Result "0-1"]
[WhiteElo "2113"]
[BlackElo "2409"]

1.e4 c5 2.Nf3 Nc6 3.d4 cxd4 4.Nxd4 Nf6 5.Nc3 d6 6.Bg5 e6 7.Qd2 a6 8.O-O-O h6
9.Bf4 Bd7 10.Nb3 Ne5 11.f3 Rc8 12.Be2 b5 13.g4 Nc4 14.Bxc4 bxc4 15.Na1 e5
16.Be3 Be6 17.h4 Qa5 18.g5 Nd7 19.a3 Nb6 20.Qf2 Na4 21.Nxa4 Qxa4 22.c3 hxg5
23.hxg5 Rxh1 24.Rxh1 Rb8 25.Rh8 Qb5 26.f4 exf4 27.Bxf4 Ke7 28.Qd2 Qb6 29.Be3 Qb7
30.e5 Kd7 31.exd6 Bxd6 32.Rh4 Ke7 33.g6 Bxa3 34.Rh2 Qe4 35.Bg5+ f6 36.Bxf6+ Kxf6
37.Rf2+ Bf5 38.Nc2 Bxb2+ 39.Kd1 Qg4+  0-1

[Event "61st ch-RUS HL w"]
[Site "Taganrog RUS"]
[Date "2011.06.24"]
[Round "8"]
[White "Bodnaruk,A"]
[Black "Charochkina,D"]
[Result "0-1"]
[WhiteElo "2419"]
[BlackElo "2320"]

1.e4 c5 2.Nf3 Nc6 3.d4 cxd4 4.Nxd4 Nf6 5.Nc3 d6 6.Bg5 e6 7.Qd2 Be7 8.O-O-O O-O
9.f3 Nxd4 10.Qxd4 a6 11.h4 b5 12.Kb1 Qc7 13.Qe3 Bb7 14.Bd3 Rfd8 15.Ne2 h6
16.Bxh6 gxh6 17.Qxh6 d5 18.Rh3 Ng4 19.Qh5 Nf6 20.Qh6 Ng4 21.Qh5 Nf6 22.Qg5+ Kf8
23.e5 Nd7 24.Qh6+ Ke8 25.f4 Nc5 26.Nd4 Kd7 27.Qg7 Rg8 28.Qxf7 Raf8 29.Qh7 Rxg2
30.Qh6 Rg4 31.Rf1 Qd8 32.b4 Rh8 33.Bh7 Bf8 34.Qh5 Rg7 35.f5 Rgxh7 36.fxe6+ Nxe6
37.Qg4 Qe7 38.Rf6 Qxb4+ 39.Rb3 Qxd4 40.Qxe6+ Kd8 41.Rxf8+ Rxf8 42.Qd6+ Rd7
43.Qxf8+ Kc7 44.Qf6 Kb8 45.h5 Qd1+ 46.Kb2 Rc7 47.Qf5 Bc8 48.Qd3 Qxd3 49.Rxd3 Bf5
50.Rf3 Rxc2+ 51.Kb3 Be4 52.Rf7 Kc8 53.h6 Rh2 54.Rf6 d4 55.Rd6 Bc2+ 56.Kb4 Kc7
57.Rxd4 Rxh6 58.Ka5 Re6 59.Rd5 Kc6 60.Rd2 Be4 61.Kxa6 Rxe5 62.Rd8 Kc5 63.Rd1 Re8
64.Rc1+ Kb4 65.Kb6 Re6+ 66.Ka7 Bd5 67.Rb1+ Ka4 68.a3 Bb3 69.Ra1 Re2 70.Kb6 Ra2
71.Re1 Bc4 72.Kc5 Kxa3 73.Re3+ Kb2 74.Kb4 Ra4+ 75.Kc5 Kc2  0-1

[Event "Ladislava Kotana Mem"]
[Site "Kosice SVK"]
[Date "2011.06.25"]
[Round "1"]
[White "Sepesi,Samuel"]
[Black "Krak,T"]
[Result "0-1"]
[WhiteElo "1786"]
[BlackElo "2270"]

1.e4 c5 2.Nf3 d6 3.d4 cxd4 4.Nxd4 Nf6 5.Nc3 Nc6 6.Bg5 e6 7.Qd2 a6 8.O-O-O h6
9.Be3 Bd7 10.f3 b5 11.g4 Ne5 12.Bd3 Qc7 13.g5 hxg5 14.Bxg5 b4 15.Nce2 Nxd3+
16.Qxd3 Rc8 17.Bxf6 gxf6 18.h4 Qc4 19.Qxc4 Rxc4 20.f4 a5 21.Kb1 e5 22.fxe5 fxe5
23.b3 Rxd4 24.Nxd4 exd4 25.Rxd4 Be6 26.a3 Ke7 27.axb4 Bg7 28.Rd3 axb4 29.c3 bxc3  0-1

[Event "7th Lazy Open"]
[Site "Lazy POL"]
[Date "2011.06.25"]
[Round "1.8"]
[White "Aliavdin,N"]
[Black "Antonov,Al2"]
[Result "1-0"]
[WhiteElo "2397"]
[BlackElo "2049"]

1.e4 c5 2.Nf3 d6 3.d4 cxd4 4.Nxd4 Nf6 5.Nc3 Nc6 6.Bg5 e6 7.Qd2 a6 8.O-O-O Bd7
9.f4 b5 10.Bxf6 gxf6 11.Kb1 Qb6 12.Nxc6 Bxc6 13.Bd3 b4 14.Ne2 a5 15.f5 Qc5
16.Nf4 e5 17.Nh5 Ke7 18.g4 Rg8 19.Rhg1 a4 20.h4 h6 21.g5 hxg5 22.hxg5 fxg5
23.f6+ Kd7 24.Qe2 a3 25.Bc4 Ke8 26.Ng7+ Bxg7 27.Rxg5 Bxf6 28.Rxg8+ Ke7 29.Rxa8 Bxa8
30.Bd5 Bxd5 31.Rxd5 Qb6 32.Rd1 Bg5 33.Qc4 axb2 34.Kxb2 Qa5 35.Rd3 Qb6 36.Kb3 Qg1
37.Qc7+ Ke8 38.Qc6+ Kf8 39.Qxd6+ Kg8 40.Qxe5 Qb1+ 41.Qb2 Qe1 42.Ka4 Qxe4
43.Qxb4 Qc6+ 44.Kb3 Qe6+ 45.c4 Qe4 46.Qb8+ Kg7 47.Qd6 Qb7+ 48.Qb4 Qh1 49.Qc3+ Kg8
50.Rg3 Qb1+ 51.Qb2 Qg6 52.Qe5 Qb1+ 53.Ka3 Qc1+ 54.Kb4 Qd2+ 55.Qc3 Qf4 56.a4 Kf8
57.Rd3 Bf6 58.Qd2 Qb8+ 59.Ka3 Qe5 60.Kb3 Qb8+ 61.Ka2 Qe5 62.Qc2 Qc5 63.Rd5 Qb4
64.Rb5 Qd6 65.a5 Qc6 66.Rb6 Qf3 67.a6 Bd4 68.Rb8+ Kg7 69.Rd8 Qe3 70.Rxd4  1-0

[Event "64th ch-RUS HL"]
[Site "Taganrog RUS"]
[Date "2011.06.26"]
[Round "11"]
[White "Kobalia,M"]
[Black "Kryakvin,D"]
[Result "1/2-1/2"]
[WhiteElo "2679"]
[BlackElo "2551"]

1.e4 c5 2.Nf3 Nc6 3.d4 cxd4 4.Nxd4 Nf6 5.Nc3 d6 6.Bg5 e6 7.Qd2 Be7 8.O-O-O O-O
9.f4 Nxd4 10.Qxd4 h6 11.Bh4 a6 12.Be2 Nxe4 13.Bxe7 Nxc3 14.bxc3 Qxe7 15.Qxd6 Qf6
16.Kb2 b5 17.Qc7 b4 18.Bf3 Qxc3+ 19.Qxc3 bxc3+ 20.Kxc3 Ra7 21.Rd6 Bd7 22.Rhd1 Rc7+
23.Kb2 Bb5 24.R1d4 Bf1 25.h4 Rb8+ 26.Kc1 Kf8 27.Rd7 Rbc8 28.Rxc7 Rxc7 29.Kb2 Ke7
30.Kb3 f6 31.a3 g5 32.hxg5 hxg5 33.fxg5 fxg5 34.Rb4 Kd6 35.Rd4+ Ke7 36.Rb4 Kd6
37.Rd4+ Ke7  1/2-1/2

[Event "ch-UAE"]
[Site "Abu Dhabi UAE"]
[Date "2011.06.27"]
[Round "3"]
[White "Khouri,A"]
[Black "Salem,AR"]
[Result "0-1"]
[WhiteElo "2030"]
[BlackElo "2511"]

1.e4 c5 2.Nf3 d6 3.d4 cxd4 4.Nxd4 Nf6 5.Nc3 Nc6 6.Bg5 Qa5 7.Bb5 Bd7 8.Nb3 Qc7
9.a4 e6 10.O-O Be7 11.Qd2 O-O 12.Rfd1 Rfd8 13.Be2 Be8 14.Nb5 Qb8 15.Qe3 d5
16.Bxf6 Bxf6 17.exd5 Nb4 18.Qe4 Nxd5 19.c4 Nf4 20.Rxd8 Bxd8 21.Bf3 Bc6 22.Qe3 Bg5
23.Qc3 e5 24.Re1 a6 25.Bxc6 bxc6 26.Na3 Bf6 27.g3 Ne6 28.c5 e4 29.Qc2 Ng5
30.Rd1 Qe5 31.Nc4 Qe6 32.h4 Nf3+ 33.Kf1 Rb8 34.Nb6 Re8 35.Rd6 Qh3+ 36.Ke2 e3
37.Kxf3 e2 38.Rd4 Qf5+  0-1

[Event "TCh-TUR 2011"]
[Site "Konya TUR"]
[Date "2011.06.28"]
[Round "1"]
[White "Kazdagli,B"]
[Black "Yilmazyerli,M"]
[Result "1/2-1/2"]
[WhiteElo "1868"]
[BlackElo "2318"]

1.e4 c5 2.Nf3 d6 3.d4 cxd4 4.Nxd4 Nf6 5.Nc3 Nc6 6.Bg5 e6 7.Qd2 a6 8.f4 Bd7
9.O-O-O h6 10.Bxf6 Qxf6 11.Nxc6 Bxc6 12.Qe3 Be7 13.Kb1 O-O 14.Bd3 Rfd8 15.h4 e5
16.Rdf1 exf4 17.Rxf4 Qe6 18.Qf3 Bf6 19.Nd5 Be5 20.Nc7 Qe7 21.Nxa8 Bxf4 22.Qxf4 Rxa8
23.Rf1 Rf8 24.c3 Qe5 25.g3 f6 26.Qxe5 dxe5 27.Bc4+ Kh7 28.Bd5 Bxd5 29.exd5 f5
30.h5 g5 31.hxg6+ Kxg6 32.Re1 e4 33.Kc2 Kf6 34.Rf1 Ke5 35.c4 Rg8 36.Rh1 b5
37.b3 Rxg3 38.Rxh6 Kd4 39.d6 Rg2+ 40.Kc1 Rg7 41.Rf6 bxc4 42.bxc4 Kc3 43.Kd1 Kd3
44.Ke1 Kxc4 45.Rxf5 Rd7 46.Ke2 Kd4 47.Ra5 Rxd6 48.Ra4+ Ke5 49.Ke3 Rd3+ 50.Ke2 Kf4  1/2-1/2

[Event "ch-UAE"]
[Site "Abu Dhabi UAE"]
[Date "2011.06.29"]
[Round "5"]
[White "Khouri,I"]
[Black "Salem,AR"]
[Result "0-1"]
[WhiteElo "2227"]
[BlackElo "2511"]

1.e4 c5 2.Nf3 d6 3.d4 cxd4 4.Nxd4 Nf6 5.Nc3 Nc6 6.Bg5 Qa5 7.Bxf6 gxf6 8.Nb3 Qg5
9.Nd5 Rb8 10.f4 Qg6 11.Qf3 Bg7 12.f5 Qh6 13.Bb5 a6 14.Bxc6+ bxc6 15.Ne3 Bf8
16.O-O-O e6 17.Kb1 Be7 18.Ng4 Qg7 19.e5 d5 20.exf6 Bxf6 21.Nxf6+ Qxf6 22.Qg3 Rb7
23.fxe6 fxe6 24.Qd6 Bd7 25.Rhf1 Qe7 26.Qe5 Rg8 27.Rf2 Qg7 28.Rf6 Qg5 29.Rxe6+ Bxe6
30.Qxe6+ Re7 31.Qxc6+ Kf7 32.Rf1+ Kg7 33.Nd4 Rf8 34.Rd1 Qd2  0-1

[Event "TCh-TUR 2011"]
[Site "Konya TUR"]
[Date "2011.06.30"]
[Round "3"]
[White "Melia,S"]
[Black "Nikolova,A"]
[Result "1/2-1/2"]
[WhiteElo "2444"]
[BlackElo "2333"]

1.e4 c5 2.Nf3 d6 3.d4 cxd4 4.Nxd4 Nf6 5.Nc3 Nc6 6.Bg5 e6 7.Qd2 Be7 8.O-O-O Nxd4
9.Qxd4 O-O 10.f4 Qa5 11.e5 dxe5 12.Qxe5 Qxe5 13.fxe5 Nd5 14.Bxe7 Nxe7 15.Bd3 b6
16.Be4 Rb8 17.Rhe1 Bb7 18.Nb5 Bxe4 19.Rxe4 Nc6 20.Rd6 Rfc8 21.Rc4 Nxe5 22.Rxc8+ Rxc8
23.Nxa7 Rb8 24.Nc6 Nxc6 25.Rxc6 g5 26.a4 h5 27.c4 Kg7 28.Kc2 e5 29.c5 bxc5
30.Rxc5 Kf6 31.a5 Ke6 32.a6 Kd6 33.Ra5 f5 34.a7 Ra8 35.h3 g4 36.Kd3 gxh3
37.gxh3 h4 38.b4 Kc6 39.Kc4 f4 40.Rxe5 Rxa7 41.Re6+ Kd7 42.Rh6 Ra8 43.Rf6 Ra3
44.Rxf4 Rxh3 45.Kb5 Rh1 46.Kb6 h3 47.Rd4+ Ke6 48.b5 Kf5 49.Rh4 Kg5 50.Rh8 Kg4
51.Kb7 Kg3 52.b6 h2 53.Rg8+ Kf2 54.Rf8+ Kg2 55.Rg8+ Kf2 56.Rf8+ Kg2 57.Rg8+ Kf2
58.Rf8+ Kg2  1/2-1/2